000 00545nam a2200193 a 4500
003 DO-SdBNP
005 20221124081947.0
008 190212s1994 000 spa d
040 _aDO-SdBNP
_bspa
_cBNPHU
082 _222
_axxx
_bH498r
100 1 _aHendrik, Baltasar
_975775
245 3 _aEl rosario : instrumento de evangelización. /
_cBaltasar Hendriks
250 _a2da. ed.
260 _aSanto Domingo :
_bEdiciones MSC,
_c1994.
300 _a81 p. ;
_c18 cm
590 _aInventariado, 2022 / DG
910 _aDG
942 _2ddc
_cLBS1
999 _c47845
_d47845